Victor Hugo (Record no. 37030)

MARC details
000 -LEADER
campo de control de longitud fija 00534nam a2200157 i 4500
001 - NÚMERO DE CONTROL
campo de control 37030
003 - IDENTIFICADOR DE NÚMERO DE CONTROL
campo de control ES-MaACL
005 - FECHA Y HORA DE LA ÚLTIMA TRANSACCIÓN
campo de control 20230906155505.0
007 - CAMPO FIJO DE DESCRIPCIÓN FÍSICA--INFORMACIÓN GENERAL
campo de control de longitud fija t|
008 - DATOS DE LONGITUD FIJA--INFORMACIÓN GENERAL
campo de control de longitud fija 030220s1902 fr ||||1| fre d
100 1# - ENTRADA PRINCIPAL--NOMBRE DE PERSONA
Nombre de persona Brunetière, Ferdinand.
9 (RLIN) 32173
245 10 - MENCIÓN DEL TÍTULO
Título Victor Hugo
Resto del título : leçons faites a l'Ecole normale supérieure par les élèves de deuxième anne (Lettres) /
Mención de responsabilidad, etc. sous la direction de Ferdinand Brunetière.
260 ## - PUBLICACIÓN, DISTRIBUCIÓN, ETC.
Lugar de publicación, distribución, etc. [Coulommiers] :
Nombre del editor, distribuidor, etc. Paul Brodard,
Fecha de publicación, distribución, etc. 1902.
300 ## - DESCRIPCIÓN FÍSICA
Extensión 2 v. ;
Dimensiones 19 cm.
852 ## - LOCALIZACIÓN
Ubicación ES-MaACL
Número de control de estantería F-8411-8412
Holdings
Estatus retirado Estado de pérdida Estado de daño No para préstamo Biblioteca de origen Biblioteca actual Ubicación en estantería Fecha de adquisición Fuente de adquisición Total de préstamos Signatura topográfica completa Código de barras Visto por última vez Precio de reemplazo Tipo de ítem Koha
        Biblioteca del Ateneo de Madrid Biblioteca del Ateneo de Madrid Sala Pecera Planta 2 17/01/2008     F-8411-8412 1038959 23/02/2023 23/02/2023 Libro impreso